000 01340nam a2200361 a 4500
001 000110051
003 CHAP
005 20220329144116.0
008 140626s2014 mx | |sm |||||||spa|d
010 _a106513
011 _a107485
040 _cCHAP
090 _aTesis
100 1 _aCleofas Guzman, Hugo Ignacio
_9127426
245 1 0 _aEvaluación de rendimiento de cinco variedades de jitomate (Lycopersicon esculentum Mill.) en suelo-invernadero Santiago Maravatio, Gto.
_h[En línea]
_cpor Hugo Ignacio Cleofas Guzman.
260 _aChapingo, Méx. :
_bEl autor,
_c2014.
500 _aPara ver el contenido del material haga clic en la liga
502 _aTesis (Ing. Agr. Esp. en Fitotecnia) -- UACH. Departamento de Fitotecnia
590 _aBATCH-UPD
_b05
_c20141002
_lUCH01
_h0905
590 _aBATCH
_b00
_c20181121
_lUCH01
_h0759
590 _aE792CSJ
_b05
_c20140626
_lUCH01
_h0946
590 _aE792CSJ
_b05
_c20140626
_lUCH01
_h0946
650 1 4 _aTomate
_xCultivos en invernadero.
_9113704
650 1 4 _aTomate
_xProducción.
_9125346
650 1 4 _aTomate
_xRendimiento.
_9113761
650 1 4 _aTomate
_xVariedades.
_9113777
650 1 4 _aTomate
_yGuanajuato.
_9113782
856 _a1
_n0001645
856 _aFinding aid
_uhttp://10.13.5.2/tesis/sist110051.pdf
_zTeclea aquí
901 _aBK
942 _cTESIS
942 _n0
999 _c106513
_d106513